| 000 | 01323nam a2200337 a 4500 | ||
|---|---|---|---|
| 001 | 000111565 | ||
| 003 | CHAP | ||
| 005 | 20220329144218.0 | ||
| 008 | 150616s2015 mx a fsm |||||||spa d | ||
| 010 | _a108027 | ||
| 011 | _a108999 | ||
| 040 | _cCHAP | ||
| 090 | _aTesis | ||
| 100 | 1 |
_aToro Jáuregui, Maritza Azucena del _9129453 |
|
| 245 | 1 | 3 |
_aEl ecoturismo como oportunidad de crecimiento en el Estado de Hidalgo _h[En línea] _cpor Maritza Azucena del Toro Jáuregui y Pedro Alonso Ortíz Franco. |
| 260 |
_aChapingo, Méx. : _bEl autor, _c2015. |
||
| 500 | _aPara ver el contenido del material haga clic en la liga | ||
| 502 | _aTesis (Lic. en Comercio Internacional de Productos Agropecuarios) -- UACH. División de Ciencias Económico Administrativas | ||
| 590 |
_aE11695DGD _b10 _c20150618 _lUCH01 _h0952 |
||
| 590 |
_aE5995AHE _b05 _c20150616 _lUCH01 _h1305 |
||
| 590 |
_aE5995AHE _b05 _c20150616 _lUCH01 _h1313 |
||
| 590 |
_aE5995AHE _b05 _c20150616 _lUCH01 _h1313 |
||
| 650 | 1 | 4 |
_aDesarrollo de la comunidad _zHidalgo. _931982 |
| 650 | 1 | 4 |
_aEcoturismo. _935298 |
| 650 | 1 | 4 |
_aRecursos naturales _xConservación _zHidalgo. _995264 |
| 700 | 1 |
_aOrtíz Franco, Pedro Alonso _9129454 |
|
| 856 |
_aFinding aid _uhttp://10.13.5.2/tesis/sist111565.pdf _zTeclea aquí |
||
| 901 | _aBK | ||
| 942 | _cTESIS | ||
| 942 | _n0 | ||
| 999 |
_c108027 _d108027 |
||